Top 10 estados de EE. UU. más calurosos - Estadísticas

Estadísticas generales
  • Esta prueba ha sido intentada 3.547 veces
  • La puntuación promedio es 7 de 10
Estadísticas de respuestas
° C Estado % Correcto
18,8 Texas
96%
21,9 Florida
93%
16,1 Arizona
79%
17,6 Alabama
68%
17,9 Georgia
66%
19,5 Luisiana
64%
17,9 Misisipi
64%
23,1 Hawái
63%
17,4 Carolina del Sur
60%
16,1 Arkansas
53%
No se encontraron pruebas coincidentes
Distribución de puntuación
Porcentaje de gente con cada puntuación
Porcentaje por número respondido
Historial de tus puntuaciones
No has intentado esta prueba.